Lab primer through MATLAB : (Record no. 83086)

MARC details
000 -LEADER
fixed length control field 00717nam a22002057a 4500
005 - DATE AND TIME OF LATEST TRANSACTION
control field 20140424151519.0
010 ## - LCCN (DPL NO)
LC control number ENG-109581
020 ## - INTERNATIONAL STANDARD BOOK NUMBER
International Standard Book Number 9788120349322
Terms of availability 350.00
035 ## - SYSTEM CONTROL NUMBER
System control number EN-93114
037 ## - SOURCE OF ACQUISITION
Source of stock number/acquisition DBAD/PUB
082 ## - DEWEY DECIMAL CLASSIFICATION NUMBER
Classification number 621.3822
100 ## - MAIN ENTRY--PERSONAL NAME
Personal name Navas, K.A.
245 ## - TITLE STATEMENT
Title Lab primer through MATLAB :
Statement of responsibility, etc by K.A. Navas [and] R. Jayadevan
Remainder of title digital signal processing, digital image processing, digital signal processor and digital communication /
260 ## - PUBLICATION, DISTRIBUTION, ETC. (IMPRINT)
Place of publication, distribution, etc Delhi
Name of publisher, distributor, etc PHI Learning
Date of publication, distribution, etc 2014
270 ## - ADDRESS
Address Rimjhim House, 111, Patparganj Industrial Estate
City Delhi
Postal code 110092
300 ## - PHYSICAL DESCRIPTION
Extent ix,345p.
Dimensions 24cm(pbk)
500 ## - GENERAL NOTE
General note Includes index
700 ## - ADDED ENTRY--PERSONAL NAME
Personal name Jayadevan, R.
942 ## - ADDED ENTRY ELEMENTS (KOHA)
Source of classification or shelving scheme Dewey Decimal Classification
Item type English Books
Call number suffix NAV
Classification part 621.3822
Holdings
Withdrawn status Lost status Not for loan Collection code Home library Current library Date acquired Source of acquisition Cost, normal purchase price Full call number Barcode Copy number Cost, replacement price Koha item type
    Not For Loan Non-fiction D.B.Act.Division D.B.Act.Division 19/03/2014 DBAD/PUB 350.00 621.3822 NAV EN-93114 1 350.00 English Books

© Delhi Public Library
Hit Counter
free hit counter